De las alas caracolí (Registro nro. 613)

Detalles MARC
000 -CABECERA
Longitud fija campo de control 00877nam a2200277Ia 4500
005 - • FECHA Y HORA DE LA ÚLTIMA TRANSACCIÓN
Fecha y hora de la última transacción 20220316235326.0
008 - • CÓDIGOS DE INFORMACIÓN DE LONGITUD FIJA
Códigos de información de longitud fija 121119s2002 ck a jr 000 f spa
020 ## - • NÚMERO INTERNACIONAL NORMALIZADO PARA LIBROS
Número Internacional Normalizado para Libros (ISBN) 9583003379
041 0# - • CÓDIGO DE LENGUA
Código de lengua del texto/banda sonora o título independiente spa
040 ## - FUENTE DE LA CATALOGACIÓN
Centro catalogador de origen CO-BoRNBP
Lengua de catalogación spa
Normas de descripción rda
Centro transcriptor CO-BoRNBP
084 ## - • Clasificación Local Alfanúmerica PNLB
Número de clasificación N NIn1
100 1# - • PUNTO DE ACCESO PRINCIPAL-NOMBRE DE PERSONA
Nombre de persona Niño, Jairo Aníbal,
Fechas asociadas al nombre 1941-
245 10 - • TITULO PROPIAMENTE DICHO
Título De las alas caracolí
Mención de responsabilidad, etc. Jairo Aníbal Niño ; ilustraciones de Daniel Jaime
250 ## - • MENCIÓN DE EDICIÓN
Mención de edición Cuarta reimpresión
264 #1 - PRODUCCIÓN, PUBLICACIÓN , DISTRIBUCIÓN, FABRICACIÓN Y COPYRIGHT
Lugar de producción, publicación, distribución, fabricación Bogotá
Nombre del productor, editor, distribuidor, fabricante Panamericana
Fecha de de producción, publicación, distribución, fabricación o copyright 2002
300 ## - • DESCRIPCIÓN FÍSICA
Extensión 144 páginas
Otras características físicas ilustraciones
Dimensiones 20 cm.
336 ## - TIPO DE CONTENIDO
Término de tipo de contenido texto
Código de tipo de contenido txt
Fuente rdacontent
337 ## - TIPO DE MEDIO
Nombre del tipo de medio sin mediación
Código del tipo de medio n
Fuente rdamedia
338 ## - TIPO DE SOPORTE
Nombre del tipo de soporte volumen
Código del tipo de soporte nc
Fuente rdacarrier
490 0# - • MENCIÓN DE SERIE
Mención de serie Literatura juvenil
650 14 - • PUNTO DE ACCESO ADICIONAL DE MATERIA - TÉRMINO DE MATERIA
Fuente del encabezamiento o término LEMB
Término de materia o nombre geográfico como elemento inicial Literatura colombiana
650 14 - • PUNTO DE ACCESO ADICIONAL DE MATERIA - TÉRMINO DE MATERIA
Fuente del encabezamiento o término LEMB
Término de materia o nombre geográfico como elemento inicial Novela colombiana
650 14 - • PUNTO DE ACCESO ADICIONAL DE MATERIA - TÉRMINO DE MATERIA
Fuente del encabezamiento o término LEMB
Término de materia o nombre geográfico como elemento inicial Cuentos infantiles
700 1# - • PUNTO DE ACCESO ADICIONAL - NOMBRE DE PERSONA
Nombre de persona Jaime, Daniel
Término indicativo de función ilustrador
942 ## - ENTRADA DE ELEMENTOS AGREGADOS (KOHA)
Fuente de clasificaión o esquema
Koha [por defecto] tipo de item Libro Literatura
Existencias
Perdido Fuente de clasificación o esquema Estado Físico No para préstamo Localización permanente Localización actual Localización en estanterías Fecha adquisición Préstamos totales Signatura completa Código de barras Fecha última consulta Número de copia Fecha del precio de reemplazo Tipo de item de Koha Forma de adquisición Número de registro
  Dewey Decimal Classification     Biblioteca Pública Cumaral - Alvaro Garzon Torres Biblioteca Pública Cumaral - Alvaro Garzon Torres Literatura 07/18/2024   NNIÑ1 CUM01051 07/18/2024 Ej.1 07/18/2024 Libro Literatura Colección General  
  Dewey Decimal Classification     Biblioteca Pública Dorado Biblioteca Pública Dorado Literatura 02/02/2023   NNIÑ1 DOR01529 02/02/2023 Ej.1 02/02/2023 Libro Literatura Colección General  
  Dewey Decimal Classification     Biblioteca Pública Lejanias Biblioteca Pública Lejanias General 05/15/2026   N NIn1 LEJ02412 05/15/2026 Ej.1 05/15/2026 Libro Literatura Colección General  
  Dewey Decimal Classification     Biblioteca Pública Puerto Lleras Biblioteca Pública Puerto Lleras Literatura 01/13/2025   N NIÑ1 PLL00575 01/13/2025 Ej.1 01/13/2025 Libro Literatura Colección General  
  Dewey Decimal Classification     Biblioteca Pública Cabuyaro Biblioteca Pública Cabuyaro Literatura 03/16/2023   NNIÑ1 CAB000079 03/16/2023 Ej.1 03/16/2023 Libro Literatura Colección General  
  Dewey Decimal Classification     Biblioteca Pública Puerto Rico Biblioteca Pública Puerto Rico Literatura 12/14/2022   NNIÑ1Ej.1 PR000000L167 12/14/2022 Ej.1 12/14/2022 Libro Literatura    
  Dewey Decimal Classification     Biblioteca Pública Uribe - Reinerio Arenas Biblioteca Pública Uribe - Reinerio Arenas Literatura 10/09/2024   N NIÑ1 URI01703 10/09/2024 Ej.1 10/09/2024 Libro Literatura Colección General  
  Dewey Decimal Classification     Biblioteca Pública Vistahermosa Biblioteca Pública Vistahermosa   05/21/2025   N NIn1 VIST 0002168 05/21/2025 Ej.1 05/21/2025 Libro Literatura   N NIÑ1
  Dewey Decimal Classification     Biblioteca Pública Vistahermosa Biblioteca Pública Vistahermosa   06/06/2025   N NIn1 VIST 0002301 06/06/2025 Ej.1 06/06/2025 Libro Literatura   N NIn1









Instituto Departamental de Cultura del Meta - Red Departamental de Bibliotecas Públicas del Meta.